Антология за морето (Запис номер 491819)
[ съкратено ]
| 000 -Лидер | |
|---|---|
| Лидер | 01433nam a2200337 a 4500 |
| 003 - Код на организацията, давaща контролен номер | |
| Код на организацията, даваща контролен номер | BLK |
| 005 - Дата и час на последна редакция | |
| Дата и час на последна редакция | 20230802161142.0 |
| 007 - Фиксирано поле за физическо описани | |
| Физическо описание | ta |
| 008 - Елементи от данни с фиксирана дължина | |
| Елементи с фиксирана дължина | 221104b bu |||||r|||| 00| | bu d |
| 040 ## - Източник на каталожния запис | |
| Код на библиотеката | BLK |
| 041 ## - Код за език | |
| Език | Български |
| Език за КДБФ | Български |
| 080 ## - УДК | |
| 9 (RLIN) | 234031 |
| УДК текст | Литература на отделни езици и езикови семейства |
| УДК код | 821 |
| УДК – код + определител | 821(082) |
| 084 ## - Класификационен индекс по друга класификация | |
| Авторски знак | Анто - А 75 |
| 245 ## - Сведения за заглавието | |
| Заглавие | Антология за морето |
| Подзаглавни данни | Из творчеството на големите поети |
| Авторска отговорност | Състав. Коля Лазурин |
| 260 ## - Област на издателските данни | |
| 9 (RLIN) | 441842 |
| Място на издаване | София |
| Име на издателя | б. и. |
| Година на издаване | 1938 |
| Печатница | София : Задружен труд |
| 300 ## - Физическа характеристика | |
| Брой страници | 64 с. |
| Размер | 19 см |
| 380 ## - Жанр | |
| Жанр | Худож. лит. |
| 500 ## - Общи забележки | |
| Обща забележка | Кор. загл. Чайки над морето. - Съдържа произведения от Дж. Байрон, П. Шели, А. С. Пушкин, М. Ю. Лермонтов, Х. Хайне, Й. Гьоте, Ш. Бодлер, В. Юго, П. Верлен, Едгар По, Д`Анунцио и др. - Автограф: На Рус. окр. библиотека. 28.ХІ.67 |
| 700 ## - Други автори (авторска отговорност) | |
| 9 (RLIN) | 1478 |
| Друг автор | Лазурин, Каля |
| Авт. отговорност на др. автор | състав. |
| 852 ## - Местоположение | |
| Отдел | Краезнание |
| Систематично-азбучна сигнатура | 821/А 75 |
| 856 ## - Електронен адрес и достъп | |
| Инструкция (цена за достъп) | 0.00 |
| Права за достъп | disable |
| 942 ## - АРТИКУЛИ | |
| Вид на библиотечния документ | Книги |
| Скрит в OPAC | Не |
| 944 ## - СЪЗДАВАНЕ И РЕДАКЦИЯ на ЗАПИСА | |
| Създаване/Редакция | Създаване |
| Дата на регистрацията/редакция | 2023-07-05 |
| Служител, извършил регистрацията/редакцията | 30558 |
| Номер на служител | Валя Йорданова |
| 999 ## - СИСТЕМНИ КОНТРОЛНИ НОМЕРА | |
| Koha biblionumber | 491819 |
| Koha biblioitemnumber | 491819 |
| 999 ## - СИСТЕМНИ КОНТРОЛНИ НОМЕРА | |
| Koha biblioitemnumber | 491819 |
| 999 ## - СИСТЕМНИ КОНТРОЛНИ НОМЕРА | |
| Koha biblioitemnumber | 491819 |
| 999 ## - СИСТЕМНИ КОНТРОЛНИ НОМЕРА | |
| Koha biblioitemnumber | 491819 |
| 999 ## - СИСТЕМНИ КОНТРОЛНИ НОМЕРА | |
| Koha biblioitemnumber | 491819 |
| 999 ## - СИСТЕМНИ КОНТРОЛНИ НОМЕРА | |
| Koha biblioitemnumber | 491819 |
| 999 ## - СИСТЕМНИ КОНТРОЛНИ НОМЕРА | |
| Koha biblioitemnumber | 491819 |
| 999 ## - СИСТЕМНИ КОНТРОЛНИ НОМЕРА | |
| Koha biblioitemnumber | 491819 |
| Код за отписване | Код за изгубен артикул | Източник на класификационната схема | Код за повреда | Коз за рестрикции | Код за отдаване | Артикулен № | Име на библиотеката - собственик | Име на библиотеката, в която се намира в момента | Статус (Текущо местоположение) | Дата на вписване в системата | Местоположение - отдел | Цена в лева | Номерация (Хронология) | Инвентарен номер | Систематично азбучна сигнатура | Баркод | Цена в евро | Служебен тип на артикула |
|---|---|---|---|---|---|---|---|---|---|---|---|---|---|---|---|---|---|---|
| Не е изгубен | Universal Decimal Classification | Не е повреден | само за читалня | ползва се в читалня | 931778 | Регионална библиотека "Любен Каравелов" Русе | Регионална библиотека "Любен Каравелов" Русе | Краезнание | 2023-08-03 | Краезнание | 16.00 | Автограф: Калчо Куюмджиев | 120000890911 | К 821/А 75 | 120000890911 | 8.18 | Книги |